00313nam a2200109 a 4500008004100000050001600041100002000057245007700077260002000154300002000174350000900194120416s1991 ||||||||||||||||| || u aLB 2301 Mat aMatiru, Barbara10aTowards academic and professional excellence in higher education, part I aBonnbDSEc1991 ax, 262p. : ill. a0.00